000 00423nam a2200169Ia 4500
001 10498
003 IN-NITTTR
005 20251114233058.0
008 251113s9999||||xx |||||||||||||| ||eng||
040 _beng
040 _cIN-NITTTR
041 _aeng
082 _a374.012 G128R
245 0 _aRemedial education :
_b guidelines for the future /
_cGains, Charles W., ed.
700 _aGains, Charles W.
942 _2ddc
_cBK
999 _c13135
_d13135